Falcon Movies - Statistics

General Stats
  • This quiz has been taken 22 times
  • The average score is 7 of 7
Answer Stats
Year Anthony Mackie % Correct
2019 Avengers: Endgame
100%
2016 Captain America: Civil War
100%
2014 Captain America: The Winter Soldier
100%
2015 Avengers: Age of Ultron
94%
2018 Avengers: Infinity War
94%
2025 Captain America: Brave New World
94%
2015 Ant-Man
81%
No matching quizzes found
Score Distribution
Percent of People with Each Score
Percentile by Number Answered
Your Score History
You have not taken this quiz